LEADER 01214nam a2200277 i 4500 001 000000238591 003 CaOOAMICUS 005 20150204000000.0 008 150204s1933 it u000 u ita u 013 $a217496 040 $aSeMil$bita 245 13$aLe meditazioni della vita di Cristo di un frate Minore del secolo 14. /$c; a cura di Francesco Sarri. 260 $aMilano :$bVita e Pensiero,$c1933. 300 $aXXX, 386 p. ;$c20 cm. 490 0 $aBiblioteca ascetica [Vita e pensiero] ;$v9 500 $aFondo card. Giovanni Colombo. 650 4$aGesů Cristo - Meditazioni.$0(OLS)http://semarc/subject/1836 650 4$aGesů Cristo - Vita.$0(OLS)http://semarc/subject/415 700 1 $aSarri, Francesco,$c.$0(OLS)http://semarc/name/8076 830 0$aBiblioteca ascetica ;$v9.$0(OLS)http://semarc/title/9193 850 $aSeMil 852 $aSeMil$W1$xVenegono$y1$m3GC II 203$j188937$B188937$CSeMilBibl$Z2$F199771 $8B 941 1 $a3 961 $aLascito: Colombo Card. Giovanni 996 $6245$aLe meditazioni della vita di Cristo di un frate Minore del secolo 14.$9(OLS)http://semarc/title/339991 996 $6260$aMilano :$bVita e Pensiero$9(OLS)http://semarc/publisher/29642 LEADER 00735nam a2200193 i 4500 001 000000203605 003 CaOOAMICUS 005 20110701000000.0 008 110701s1915 it u000 u fre u 013 $a182318 040 $aSeMil$bita 100 1 $aRoure, Lucien <1857-1954>.$0(OLS)http://semarc/name/30600 245 10$aPatriotisme, Impérialisme, Militarisme /$cLucien Roure. 260 $aParis :$bGabriel Beauchesne,$c1915. 300 $a48 p. ;$c19 cm. 850 $aSeMil 852 $aSeMil$W1$xVenegono$y1$m3U II 53$j154099$B154099$CSeMilBibl$Z2$F164989 $81 996 $6245$aPatriotisme, Impérialisme, Militarisme$9(OLS)http://semarc/title/294949 996 $6260$aParis :$bGabriel Beauchesne$9(OLS)http://semarc/publisher/31647